Kangsha badh natak (Record no. 2665)

MARC details
000 -LEADER
fixed length control field 00512cam a2200205ua 4500
001 - CONTROL NUMBER
control field 2818
005 - DATE AND TIME OF LATEST TRANSACTION
control field 20260515113558.0
008 - FIXED-LENGTH DATA ELEMENTS--GENERAL INFORMATION
fixed length control field 110909n ii |||gr||||Z||||||asm
040 ## - CATALOGING SOURCE
Transcribing agency MAIN
082 ## - DEWEY DECIMAL CLASSIFICATION NUMBER
Classification number 891.4512
100 ## - MAIN ENTRY--PERSONAL NAME
Personal name Thakur, Ramcharan,
245 11 - TITLE STATEMENT
Title Kangsha badh natak
Statement of responsibility, etc. by Ramcharan Thakur
250 ## - EDITION STATEMENT
Edition statement 1st.
260 ## - PUBLICATION, DISTRIBUTION, ETC.
Place of publication, distribution, etc. Guahati:
Name of publisher, distributor, etc. Sarada Prakashan,
Date of publication, distribution, etc. 2004.
300 ## - PHYSICAL DESCRIPTION
Extent 137p:
Dimensions 23cm.
653 ## - INDEX TERM--UNCONTROLLED
Uncontrolled term Assamese drama
653 ## - INDEX TERM--UNCONTROLLED
Uncontrolled term Kangsha badh natak
700 ## - ADDED ENTRY--PERSONAL NAME
Personal name Sharma, Basanta Kumar,
942 ## - ADDED ENTRY ELEMENTS (KOHA)
Koha item type Books
Holdings
Withdrawn status Lost status Damaged status Not for loan Home library Current library Shelving location Date acquired Total checkouts Full call number Barcode Date last seen Copy number Price effective from Koha item type
        Naharkatiya College Library Naharkatiya College Library General stacks 09/19/2020   891.4512 | THA 16118 09/19/2020 2 09/19/2020 Books
        Naharkatiya College Library Naharkatiya College Library General stacks 09/19/2020   891.4512 | THA 16119 09/19/2020 1 09/19/2020 Books